00891cam a2200241 a 450000500170000000800410001702000180005802000150007602000180009103500370010904000500014604100080019606000100020410000350021424501330024926000750038230000210045750400530047865000290053165000180056065000260057876500450060420180601164026.0150722s1996 xxu fr 001 0 eng d a9780804726917 a0804726922 a9780804726924 a(OCoLC)34692124z(OCoLC)60126973 aCO-BoUCMbspacJose A. GerenadJose A. Gerena1 aeng10aWZ 551 aGadamer, Hans-Georgd1900-200214aThe enigma of healthbthe art of healing in a scientific agecHans-Georg Gadamer ; traducción de Jason Gaiger, Nicholas Walker aStanford (California, Estados Unidos)bStanford University pressc1996 ax, 180 páginas aIncluye referencias bibliográficas e índices 7aHistoria de la medicina  7aEnfermedades  7aFilosofía médica 1 tÜber die Verborgenheit der Gesundheit.